[Event "AUT-chT2M 2223"]
[Site "Austria"]
[Date "2023.03.04"]
[Round "8.1"]
[White "Heinemann, Thies"]
[Black "Huber, Martin Christian"]
[Result "1/2-1/2"]
[WhiteElo "2484"]
[BlackElo "2337"]
[PlyCount "51"]
[EventDate "2022.09.30"]
[EventType "team-tourn"]
[EventRounds "11"]
[EventCountry "AUT"]
[SourceTitle "CBM 213 Extra"]
[Source "ChessBase"]
[SourceDate "2023.05.31"]
[SourceVersion "1"]
[SourceVersionDate "2023.05.31"]
[SourceQuality "1"]
[WhiteTeam "Gleisdorf"]
[BlackTeam "Graz Schachfreunde"]
[WhiteTeamCountry "AUT"]
[BlackTeamCountry "AUT"]

1. e4 c5 2. Nf3 e6 3. g3 Nc6 4. Bg2 Nf6 5. Qe2 e5 6. 0-0 Be7 7. c3 0-0 8. Na3 Re8 9. d3 h6 10. Nc4 Bf8 11. Re1 d6 12. a4 Be6 13. Ne3 d5 14. exd5 Nxd5 15. Nc4 f6 16. Bd2 Qd7 17. Red1 Rad8 18. Be1 Qf7 19. Nfd2 Rd7 20. a5 Red8 21. Nf1 Nde7 22. b3 Bd5 23. Bh3 Be6 24. Bg2 Bd5 25. Bh3 Be6 26. Bg2 1/2-1/2

[Event "AUT-ch Blitz"]
[Site "Graz"]
[Date "2021.06.06"]
[Round "6"]
[White "Huber, Martin Christian"]
[Black "Kummer, Helmut"]
[Result "1-0"]
[WhiteElo "2344"]
[BlackElo "2281"]
[PlyCount "71"]
[EventDate "2021.06.06"]
[EventType "swiss (blitz)"]
[EventRounds "11"]
[EventCountry "AUT"]
[SourceTitle "CBM 202 Extra"]
[Source "ChessBase"]
[SourceDate "2021.07.31"]
[SourceVersion "1"]
[SourceVersionDate "2021.07.31"]
[SourceQuality "1"]

1. d4 d5 2. c4 e6 3. Nc3 Nf6 4. cxd5 exd5 5. Bg5 c6 6. e3 Be7 7. Bd3 Nbd7 8. h3 0-0 9. Qc2 Re8 10. Nf3 Nf8 11. Bf4 Ng6 12. Bh2 Bd6 13. Bxd6 Qxd6 14. 0-0-0 b5 15. Kb1 a5 16. Rc1 a4 17. g4 Qe7 18. g5 Ne4 19. h4 Ra6 20. h5 Nf8 21. Ne5 f6 22. gxf6 gxf6 23. Nxc6 Rxc6 24. Nxd5 Rxc2 25. Nxe7+ Kf7 26. Rxc2 Rxe7 27. Bxe4 Rxe4 28. Rxc8 Ne6 29. Rb8 Ng5 30. Rxb5 Nf3 31. Rb7+ Kg8 32. Rc1 Nd2+ 33. Ka1 Re8 34. Rcc7 f5 35. Rg7+ Kf8 36. Rbf7# 1-0

[Event "AUT-ch Blitz"]
[Site "Graz"]
[Date "2021.06.06"]
[Round "2"]
[White "Huber, Martin Christian"]
[Black "Teuschler, Barbara"]
[Result "1-0"]
[WhiteElo "2344"]
[BlackElo "2148"]
[PlyCount "69"]
[EventDate "2021.06.06"]
[EventType "swiss (blitz)"]
[EventRounds "11"]
[EventCountry "AUT"]
[SourceTitle "CBM 202 Extra"]
[Source "ChessBase"]
[SourceDate "2021.07.31"]
[SourceVersion "1"]
[SourceVersionDate "2021.07.31"]
[SourceQuality "1"]

1. d4 d5 2. c4 dxc4 3. e4 e5 4. Nf3 exd4 5. Bxc4 Nc6 6. 0-0 Be6 7. Bxe6 fxe6 8. Qb3 Qd7 9. Qxb7 Rb8 10. Qa6 Nf6 11. Nbd2 Bd6 12. b3 0-0 13. Bb2 Bf4 14. Rfd1 Ng4 15. h3 Nge5 16. Nxe5 Nxe5 17. Qxa7 Rbd8 18. Qa6 Qf7 19. Qf1 Qg6 20. Nc4 Nc6 21. Qe2 e5 22. Nd2 Bg5 23. Nf3 Bf4 24. Bc1 Nb4 25. Qc4+ Kh8 26. Qxb4 Bxc1 27. Raxc1 Rxf3 28. Qe7 Rdf8 29. Rd2 R3f7 30. Qxe5 Qh6 31. Qxd4 Rf6 32. e5 Rf4 33. Qd8 Rxf2 34. Rdd1 Qe3 35. Qd4 1-0

[Event "AUT-ch Blitz"]
[Site "Graz"]
[Date "2021.06.06"]
[Round "8"]
[White "Schwabeneder, Florian"]
[Black "Huber, Martin Christian"]
[Result "1/2-1/2"]
[WhiteElo "2438"]
[BlackElo "2344"]
[PlyCount "81"]
[EventDate "2021.06.06"]
[EventType "swiss (blitz)"]
[EventRounds "11"]
[EventCountry "AUT"]
[SourceTitle "CBM 202 Extra"]
[Source "ChessBase"]
[SourceDate "2021.07.31"]
[SourceVersion "1"]
[SourceVersionDate "2021.07.31"]
[SourceQuality "1"]

1. Nf3 Nf6 2. g3 g6 3. b3 Bg7 4. Bb2 d6 5. d4 c5 6. Bg2 Qa5+ 7. Qd2 Qxd2+ 8. Nbxd2 0-0 9. 0-0 Nc6 10. c4 cxd4 11. Nxd4 Bd7 12. Rac1 a6 13. Rfd1 Rfc8 14. h3 Rab8 15. Nf1 Nxd4 16. Bxd4 Bc6 17. Ne3 Kf8 18. h4 h5 19. Bh3 Bd7 20. Bg2 Bc6 21. Bh3 Bd7 22. Bxf6 Bxh3 23. Bxg7+ Kxg7 24. Nd5 Kf8 25. f3 Be6 26. Nf4 Bd7 27. Kf2 b5 28. c5 Be8 29. cxd6 Rxc1 30. dxe7+ Kxe7 31. Rxc1 Rd8 32. Ke1 Rd6 33. Rc7+ Bd7 34. Rc2 Bf5 35. Rd2 Rc6 36. Nd5+ Ke8 37. e4 Be6 38. Nb4 Rb6 39. Ke2 a5 40. Nd3 Rc6 41. Nf4 1/2-1/2

[Event "AUT-ch Rapid"]
[Site "Graz"]
[Date "2021.06.04"]
[Round "2"]
[White "Leisch, Lukas"]
[Black "Huber, Martin Christian"]
[Result "1/2-1/2"]
[WhiteElo "2401"]
[BlackElo "2344"]
[PlyCount "75"]
[EventDate "2021.06.04"]
[EventType "swiss (rapid)"]
[EventRounds "9"]
[EventCountry "AUT"]
[SourceTitle "CBM 202 Extra"]
[Source "ChessBase"]
[SourceDate "2021.07.31"]
[SourceVersion "1"]
[SourceVersionDate "2021.07.31"]
[SourceQuality "1"]

1. e4 c5 2. b4 b6 3. bxc5 bxc5 4. Nf3 Nc6 5. Bb5 Bb7 6. 0-0 Nf6 7. Re1 g6 8. Bb2 Bg7 9. Na3 0-0 10. d3 Qc7 11. Nc4 Rab8 12. Rb1 Nb4 13. a3 Bc6 14. Bxc6 Nxc6 15. Bc3 Rxb1 16. Qxb1 Rb8 17. Qa1 Ne8 18. Bxg7 Nxg7 19. Ne3 Qb7 20. Qc3 Ne6 21. Nc4 Ncd4 22. Nxd4 Nxd4 23. Qd2 Qb1 24. Ne3 Qa2 25. h4 Rb1 26. Rxb1 Qxb1+ 27. Kh2 Qb8+ 28. Kg1 Qf4 29. c3 Nc6 30. g3 Qf3 31. Qd1 Qxd1+ 32. Nxd1 Kg7 33. f4 h5 34. Kf2 d6 35. Ke3 e5 36. Nb2 Kf6 37. Nc4 Ke6 38. Kf3 1/2-1/2

[Event "GER-ch51 final email"]
[Site "GER email"]
[Date "2021.01.18"]
[Round "?"]
[White "Huber, Martin Christian"]
[Black "Bars, Joachim"]
[Result "1/2-1/2"]
[WhiteElo "2357"]
[BlackElo "2421"]
[PlyCount "37"]
[EventDate "2021.??.??"]
[EventType "tourn (corr)"]
[EventRounds "14"]
[EventCountry "GER"]
[SourceTitle "Corr 2022"]
[Source "ChessBase"]
[SourceDate "2021.10.24"]
[SourceVersion "1"]
[SourceVersionDate "2021.10.24"]
[SourceQuality "1"]

1. e4 e5 2. Nf3 Nc6 3. Bb5 Nf6 4. 0-0 Nxe4 5. d4 Nd6 6. Bxc6 dxc6 7. dxe5 Nf5 8. Qxd8+ Kxd8 9. h3 Bd7 10. Rd1 Be7 11. g4 Nh4 12. Nxh4 Bxh4 13. Nd2 Kc8 14. Nf3 Be7 15. Bg5 Bc5 16. Rd3 Be6 17. Be3 Bxe3 18. Rxe3 Kd7 19. Rd1+ 1/2-1/2

[Event "GER-ch51 final email"]
[Site "GER email"]
[Date "2021.01.18"]
[Round "?"]
[White "Huber, Martin Christian"]
[Black "Droessler, Uwe"]
[Result "1/2-1/2"]
[WhiteElo "2357"]
[BlackElo "2324"]
[PlyCount "82"]
[EventDate "2021.??.??"]
[EventType "tourn (corr)"]
[EventRounds "14"]
[EventCountry "GER"]
[SourceTitle "Corr 2022"]
[Source "ChessBase"]
[SourceDate "2021.10.24"]
[SourceVersion "1"]
[SourceVersionDate "2021.10.24"]
[SourceQuality "1"]

1. e4 e6 2. d4 d5 3. Nc3 Nf6 4. Bg5 dxe4 5. Nxe4 Be7 6. Bxf6 gxf6 7. Nf3 a6 8. c4 f5 9. Nc3 Bf6 10. Qd2 c5 11. d5 0-0 12. 0-0-0 Bg7 13. Qe3 Qb6 14. d6 Rd8 15. Bd3 Rxd6 16. Bxf5 Rd4 17. Bc2 Nc6 18. h4 Qc7 19. Be4 Rxd1+ 20. Rxd1 Bd7 21. h5 h6 22. g4 Na5 23. b3 Bc6 24. Bxc6 Nxc6 25. g5 Bd4 26. Qd2 Rd8 27. gxh6 Kh8 28. Nxd4 Rxd4 29. Qg5 Qf4+ 30. Qxf4 Rxf4 31. Rd7 b5 32. Rc7 Ne5 33. cxb5 axb5 34. Nxb5 Rxf2 35. Kb1 Kh7 36. Nd6 Rf1+ 37. Kc2 Rf2+ 38. Kc3 Rf3+ 39. Kb2 Kxh6 40. Ka3 Nd3 41. Rxf7 Rxf7 1/2-1/2

[Event "AUT-ch Zwisch Internet"]
[Site "Playchess.com INT"]
[Date "2020.05.02"]
[Round "12"]
[White "Dragnev, Valentin"]
[Black "Huber, Martin Christian"]
[Result "1-0"]
[WhiteElo "2553"]
[BlackElo "2341"]
[PlyCount "67"]
[EventDate "2020.05.02"]
[EventType "swiss (blitz)"]
[EventRounds "13"]
[EventCountry "AUT"]
[SourceTitle "CBM 195 Extra"]
[Source "ChessBase"]
[SourceDate "2020.05.31"]
[SourceVersion "1"]
[SourceVersionDate "2020.05.31"]
[SourceQuality "1"]

1. e4 c5 2. Nf3 e6 3. g3 Nc6 4. Bg2 Nf6 5. Qe2 e5 6. 0-0 Be7 7. c3 0-0 8. Rd1 d5 9. exd5 Qxd5 10. d3 Bg4 11. h3 Bh5 12. Na3 e4 13. dxe4 Qxe4 14. Qxe4 Nxe4 15. Bf4 Nf6 16. Nc4 Rad8 17. Nd6 b6 18. Nf5 Rxd1+ 19. Rxd1 Bd8 20. g4 Bg6 21. N3h4 Na5 22. b3 Bxf5 23. Nxf5 g6 24. Bh6 Re8 25. Ng7 Rf8 26. Ne6 fxe6 27. Bxf8 Kxf8 28. Rxd8+ Ke7 29. Ra8 Kd6 30. Rxa7 Nd5 31. Bxd5 exd5 32. Rxh7 d4 33. cxd4 cxd4 34. Kf1 1-0

[Event "AUT-ch Zwisch Internet"]
[Site "Playchess.com INT"]
[Date "2020.05.02"]
[Round "5"]
[White "Peyrer, Konstantin"]
[Black "Huber, Martin Christian"]
[Result "0-1"]
[WhiteElo "2265"]
[BlackElo "2341"]
[PlyCount "90"]
[EventDate "2020.05.02"]
[EventType "swiss (blitz)"]
[EventRounds "13"]
[EventCountry "AUT"]
[SourceTitle "CBM 195 Extra"]
[Source "ChessBase"]
[SourceDate "2020.05.31"]
[SourceVersion "1"]
[SourceVersionDate "2020.05.31"]
[SourceQuality "1"]

1. Nf3 Nf6 2. b3 g6 3. Bb2 Bg7 4. g3 d6 5. Bg2 e5 6. d3 0-0 7. Nbd2 Nc6 8. 0-0 Re8 9. e4 h6 10. Re1 Be6 11. h3 Qd7 12. Kh2 Rad8 13. Qe2 Nh7 14. Rad1 f5 15. Nh4 Qf7 16. exf5 gxf5 17. c4 Bf6 18. Nhf3 e4 19. dxe4 Bxb2 20. Nh4 f4 21. Bf3 Nd4 22. Qd3 Nxf3+ 23. Ndxf3 Ng5 24. Nxg5 hxg5 25. Nf5 Bxf5 26. exf5 Be5 27. Kg2 c6 28. g4 Re7 29. Qf3 Qh7 30. Rh1 Bf6 31. Rde1 Rde8 32. Rxe7 Rxe7 33. Qd3 Re8 34. Qxd6 Qe7 35. Qxe7 Rxe7 36. Kf3 Rd7 37. Re1 Rd3+ 38. Kg2 Kf7 39. Rg1 Rd2 40. a4 Bd4 41. Rf1 Kf6 42. Kf3 Rb2 43. Ke4 Bxf2 44. Rd1 Bc5 45. Rd6+ Bxd6 0-1

[Event "AUT-ch Vor3 Internet"]
[Site "Playchess.com INT"]
[Date "2020.04.17"]
[Round "9"]
[White "Schreiner, Peter"]
[Black "Huber, Martin Christian"]
[Result "1-0"]
[WhiteElo "2440"]
[BlackElo "2341"]
[PlyCount "149"]
[EventDate "2020.04.17"]
[EventType "swiss (blitz)"]
[EventRounds "9"]
[EventCountry "AUT"]
[SourceTitle "CBM 195 Extra"]
[Source "ChessBase"]
[SourceDate "2020.05.31"]
[SourceVersion "1"]
[SourceVersionDate "2020.05.31"]
[SourceQuality "1"]

1. d4 Nf6 2. Nf3 g6 3. Nbd2 c5 4. dxc5 Qa5 5. a3 Qxc5 6. b4 Qc7 7. Bb2 Bg7 8. c4 0-0 9. g3 b6 10. Bg2 Bb7 11. 0-0 d6 12. Qb3 Nbd7 13. Rfc1 a5 14. Nf1 axb4 15. axb4 Rxa1 16. Rxa1 Ra8 17. Rc1 Bc6 18. Nd4 Bxg2 19. Kxg2 e5 20. Nf3 Bh6 21. Rd1 Rc8 22. Bc1 Bxc1 23. Rxc1 d5 24. N1d2 dxc4 25. Rxc4 Qb7 26. Rxc8+ Qxc8 27. Nc4 Qc6 28. Kg1 Qd5 29. Qc2 e4 30. Nfd2 Qd4 31. Qa4 Kg7 32. Qc6 Qa1+ 33. Kg2 Qd4 34. e3 Qd3 35. Qd6 Qc2 36. Qd4 Kg8 37. Nd6 Qc6 38. h3 Qd5 39. N2xe4 Qxd4 40. exd4 Nd5 41. b5 f5 42. Nd2 Nc3 43. N2c4 Kf8 44. Kf3 Ke7 45. Ke3 Ke6 46. Kd3 Nd5 47. Nc8 Nb4+ 48. Kd2 Nd5 49. f3 Kf7 50. Ne5+ Nxe5 51. dxe5 f4 52. gxf4 Ke6 53. Ke1 Kf5 54. Kf2 Ke6 55. Kg3 Kf5 56. Nd6+ Ke6 57. h4 Ne3 58. Ne4 Nf5+ 59. Kh3 h6 60. h5 gxh5 61. Ng3 Nd4 62. Nxh5 Nxb5 63. Kg4 Nd4 64. Ng7+ Kf7 65. Nh5 b5 66. f5 b4 67. Nf4 b3 68. Nd3 Ne2 69. Nb2 Nd4 70. f4 Ke7 71. Nc4 Ne2 72. Nb2 Nd4 73. f6+ Ke6 74. Nd3 Ne2 75. Nc5+ 1-0

[Event "GER-ch50 final email"]
[Site "GER email"]
[Date "2020.04.12"]
[Round "?"]
[White "Huber, Martin Christian"]
[Black "Kuhne, Detlev"]
[Result "1/2-1/2"]
[WhiteElo "2351"]
[BlackElo "2453"]
[PlyCount "66"]
[EventDate "2020.??.??"]
[EventType "tourn (corr)"]
[EventRounds "14"]
[EventCountry "GER"]
[SourceTitle "Corr 2022"]
[Source "ChessBase"]
[SourceDate "2021.10.24"]
[SourceVersion "1"]
[SourceVersionDate "2021.10.24"]
[SourceQuality "1"]

1. d4 d5 2. c4 e6 3. Nc3 Nf6 4. cxd5 exd5 5. Bg5 c6 6. e3 h6 7. Bh4 Be7 8. Bd3 0-0 9. Nge2 Re8 10. Qc2 Nbd7 11. 0-0 Nf8 12. a3 a5 13. Rfe1 Ne6 14. Rad1 Bd7 15. Bg3 Rc8 16. h3 Nh5 17. Be5 b5 18. Qb1 Bf8 19. e4 dxe4 20. Nxe4 c5 21. g4 c4 22. Bc2 Nf6 23. Bxf6 gxf6 24. d5 Ng5 25. Nxg5 hxg5 26. Ng3 Bd6 27. Rxe8+ Bxe8 28. Bf5 Rb8 29. Nh5 Kf8 30. h4 b4 31. axb4 Ba4 32. Bc2 Bd7 33. Bf5 Ba4 1/2-1/2

[Event "GER-ch50 final email"]
[Site "GER email"]
[Date "2020.04.12"]
[Round "?"]
[White "Huber, Martin Christian"]
[Black "Seelig, Juergen"]
[Result "1/2-1/2"]
[WhiteElo "2351"]
[BlackElo "2362"]
[PlyCount "51"]
[EventDate "2020.??.??"]
[EventType "tourn (corr)"]
[EventRounds "14"]
[EventCountry "GER"]
[SourceTitle "Corr 2022"]
[Source "ChessBase"]
[SourceDate "2021.10.24"]
[SourceVersion "1"]
[SourceVersionDate "2021.10.24"]
[SourceQuality "1"]

1. d4 d5 2. c4 dxc4 3. Nf3 Nf6 4. e3 e6 5. Bxc4 c5 6. 0-0 a6 7. b3 b5 8. Be2 Bb7 9. a4 b4 10. Bb2 Nbd7 11. Nbd2 Be7 12. Nc4 0-0 13. Rc1 Rc8 14. Nfe5 cxd4 15. Qxd4 Nc5 16. Qxd8 Rfxd8 17. Na5 Ba8 18. Bd4 Nfe4 19. Nec4 Rb8 20. Rfd1 Bd5 21. Bf3 Nc3 22. Bxc3 bxc3 23. Rxc3 Nxb3 24. Nxb3 Bxc4 25. Rxc4 Rxb3 26. Rxd8+ 1/2-1/2